000 00706cam a22002291 4500
999 _c3764
_d3764
001 8733111
003 GBCCL
005 20241126110503.0
008 770427s1925 nyu 000 0 eng
010 _a 25017356
035 _a(OCoLC)2922011
040 _aDLC
_cODa
_dPPLT
_dDLC
050 0 0 _aBS1515
_b.J4
082 _a224.106
_bJEF
100 1 _aJefferson, Charles Edward,
_d1860-1937.
_97565
245 1 0 _aCardinal ideas of Isaiah,
_cby Charles E. Jefferson.
260 _aNew York,
_bThe Macmillan company,
_c1925.
300 _a4 p. l., 199 p.
_c20 cm.
630 0 0 _aBible.
_pIsaiah
_xCriticism, interpretation, etc.
_97566
906 _a7
_bcbc
_coclcrpl
_du
_encip
_f19
_gy-gencatlg
942 _2ddc
_cBK
_06